[Event "CAN-ch U12"]
[Site "Windsor"]
[Date "2015.07.08"]
[Round "4.79"]
[White "Clark, Carlin"]
[Black "MacSween, Scott"]
[Result "1-0"]
[WhiteElo "1050"]
[BlackElo "1100"]
[PlyCount "69"]
[EventDate "2015.07.06"]
[EventType "swiss"]
[EventRounds "7"]
[EventCountry "CAN"]
[SourceTitle "EXT 2022"]
[Source "ChessBase"]
[SourceDate "2021.10.06"]
[SourceVersion "1"]
[SourceVersionDate "2021.10.06"]
[SourceQuality "1"]

1. e3 Nh6 2. Qf3 Ng8 3. Bc4 d6 4. Bb5+ c6 5. Bc4 b6 6. Qxf7+ Kd7 7. Bb3 Qe8 8. Be6+ Kd8 9. Qf5 Nd7 10. Qe4 Bb7 11. Qc4 Rb8 12. Bf7 b5 13. Qb3 Qxf7 14. Qxf7 c5 15. Nf3 Nb6 16. Qxf8+ Kc7 17. Qxg7 Nf6 18. b4 cxb4 19. Bb2 Rbg8 20. Qxe7+ Nbd7 21. Ng5 Nd5 22. Qf7 Ra8 23. Nxh7 Rhg8 24. e4 Rge8 25. d3 Re7 26. Qg6 N5f6 27. Nxf6 Nxf6 28. Bxf6 Rd7 29. e5 dxe5 30. Bxe5+ Kc8 31. Qg8+ Rd8 32. Qe6+ Rd7 33. c3 Bxg2 34. Rg1 Bb7 35. Rg8# 1-0